000 00801nam a2200193Ii 4500
003 JO-AjNU
008 230605s9999||||xx |||||||||||||| ||und||
040 _aJO-AjNU
_bara
_erda
_cJO-AjNU
041 _aara
050 1 4 _aDS39.T89 2016
100 3 _aمعهد الاعلام الاردني,
_eauthor
_959605
245 0 0 _aالثورة العربية الكبرى في عيون العالم: (مجموعة لويل توماس والصحافة الأمريكية)
264 3 1 _aعمان:معهد الاعلام الاردني، 2016
300 _a138ص
_bيحتوي على صور توضيحية
336 _atext
_btxt
_2rdacontent
337 _aunmediated
_bn
_2rdamedia
338 _avolume
_bnc
_2rdacarrier
650 4 _aالثورة العربية الكبرى-الأرشيف الصحفي
_959606
999 _aA26831
_c30399
_d30399